Investment philosophies successful strategies and the investors who made them work /

"The guide for investors who want a better understanding of investment strategies that have stood the test of timeThis thoroughly revised and updated edition of Investment Philosophies covers different investment philosophies and reveal the beliefs that underlie each one, the evidence on whethe...

Full description

Bibliographic Details
Main Author: Damodaran, Aswath.
Corporate Author: ProQuest (Firm)
Format: Electronic eBook
Language:English
Published: Hoboken, N.J. : Wiley, 2012.
Edition:2nd ed.
Series:Wiley finance series.
Subjects:
Online Access:Click to View
LEADER 03404nam a2200421 a 4500
001 EBC821762
003 MiAaPQ
005 20200520144314.0
006 m o d |
007 cr cn|||||||||
008 120227s2012 njuad s 001 0 eng d
010 |z  2012005823 
020 |z 9781118175477 (hardback) 
020 |z 9781118011515 
020 |a 9781118221921 (electronic bk.) 
035 |a (MiAaPQ)EBC821762 
035 |a (Au-PeEL)EBL821762 
035 |a (CaPaEBR)ebr10575490 
035 |a (CaONFJC)MIL369499 
035 |a (OCoLC)778636830 
040 |a MiAaPQ  |c MiAaPQ  |d MiAaPQ 
050 4 |a HG4529  |b .D36 2012 
082 0 4 |a 332.6  |2 23 
100 1 |a Damodaran, Aswath. 
245 1 0 |a Investment philosophies  |h [electronic resource] :  |b successful strategies and the investors who made them work /  |c Aswath Damodaran. 
250 |a 2nd ed. 
260 |a Hoboken, N.J. :  |b Wiley,  |c 2012. 
300 |a viii, 597 p. :  |b ill. 
490 1 |a Wiley finance 
500 |a Includes index. 
505 0 |a 1. Introduction -- 2. Upside, downside : understanding risk -- 3. Numbers don't lie : or do they? -- 4. Show me the money : the basics of valuation -- 5. many a slip : trading, execution, and taxes -- 6. Too good to be true? testing investment strategies -- 7. Smoke and mirrors? price patterns, volume charts and technical analysis -- 8. Graham's disciples : value investing -- 9. The allure of growth : small cap and growth investing -- 10. Information pays : trading on news -- 11. A sure profit : the essence of arbitrage -- 12. The impossible dream? timing the market -- 13. Ready to give up? the allure of indexing -- 14. A roadmap to choosing an investment philosophy. 
520 |a "The guide for investors who want a better understanding of investment strategies that have stood the test of timeThis thoroughly revised and updated edition of Investment Philosophies covers different investment philosophies and reveal the beliefs that underlie each one, the evidence on whether the strategies that arise from the philosophy actually produce results, and what an investor needs to bring to the table to make the philosophy work.The book covers a wealth of strategies including indexing, passive and activist value investing, growth investing, chart/technical analysis, market timing, arbitrage, and many more investment philosophies. Presents the tools needed to understand portfolio management and the variety of strategies available to achieve investment success Explores the process of creating and managing a portfolio Shows readers how to profit like successful value growth index investors Aswath Damodaran is a well-known academic and practitioner in finance who is an expert on different approaches to valuation and investment This vital resource examines various investing philosophies and provides you with helpful online resources and tools to fully investigate each investment philosophy and assess whether it is a philosophy that is appropriate for you"--  |c Provided by publisher. 
533 |a Electronic reproduction. Ann Arbor, MI : ProQuest, 2015. Available via World Wide Web. Access may be limited to ProQuest affiliated libraries. 
650 0 |a Investment analysis. 
655 4 |a Electronic books. 
710 2 |a ProQuest (Firm) 
830 0 |a Wiley finance series. 
856 4 0 |u https://ebookcentral.proquest.com/lib/matrademy/detail.action?docID=821762  |z Click to View